000 00648nam a22002297a 4500
005 20220727142821.0
008 220727b ||||| |||| 00| 0 eng d
020 _a0929692284
040 _cAL
041 _aEnglish
082 _223
_a365.95
_bHELP
100 _aHelsinki Watch Report
_953535
245 _aPrison Conditions in Turkey August 1989
260 _aNew York
_bHuman Rights Watch
_c1989
300 _a92 p.
_bPB
_c23x15.3 cm.
440 _a A Helsinki Watch report
_953536
650 _aPrisons
_953537
650 _aTurkey
_953538
650 _aHuman rights
_953539
700 _aHELSINKI WATCH REPORT
_953540
942 _2ddc
_cGF
999 _c224225
_d224225